| 000 | 01055nmc a2200337 a 4500 | ||
|---|---|---|---|
| 003 | AR-BaBNM | ||
| 005 | 20251128202724.0 | ||
| 008 | 250020s1976 ||||||||||||||000 | spa|| | ||
| 040 | _cAR-BaBNM | ||
| 100 | 1 | _aBozzini de Marrazzo, María Cristina | |
| 245 | 1 | 0 |
_aGuía de educación física para la escuela primaria _bdesarrollo de los programas de primero a séptimo grados |
| 250 | _a4ª ed. | ||
| 260 |
_aBuenos Aires _bCiordia _c1976 |
||
| 300 |
_a340 p. _bil., gráfs. |
||
| 490 | 0 | _aEl trabajo en el aula | |
| 500 | _aContiene apéndice de juegos | ||
| 500 | _aContiene discos recomendables para danzas y folklore | ||
| 650 | 4 | _aEDUCACION FISICA | |
| 650 | 4 | _aPLANES DE CLASE | |
| 650 | 4 | _aACTIVIDADES DEPORTIVAS | |
| 650 | 4 | _aACTIVIDADES FISICAS | |
| 650 | 4 | _aMETODOS DE ENSENANZA | |
| 650 | 4 | _aJUEGO | |
| 650 | 4 | _aDANZAS FOLKLORICAS | |
| 650 | 4 | _aPROGRAMAS DE ENSENANZA | |
| 653 | _aEDUCACION PRIMARIA | ||
| 700 | 1 | _aMarrazzo, Teófilo Mario | |
| 700 | 1 |
_aLorenzo, Ana María _eilustrador |
|
| 942 | _cBK | ||
| 998 | _cRaquel | ||
| 999 |
_c250 _d250 |
||